000 01047nam0a22002771 4500
001 rc\4314513
005 20260406113342.0
035 _a(NLR Aleph) 008262137
090 _a8403760
_c8403760
100 _a20130416d1958 |||y0rusy50 ca
101 0 _arus
102 _aRU
105 _ay z |||a|
200 1 _a"А.М. Горький читает пьесу "На дне" артистам МХАТ в 1902 г. Картина А.И. Кириллова
_e[Альбом]
_fГорьковский Гос. худож. музей
210 _aГорький
_cГорьковское кн. изд-во
_d1958
215 _a14 с. текста, в обл.
_cизобр.
_d14,5х41
300 _aАвтотип.
700 1 _aВанд-Поляк
_bС.В.
702 1 _aКириллов
_bА.И.
_4040
702 1 _4570
_7ca
_8rus
_aГорький
_bМ.
_f1868-1936
_gМаксим
_9110200
_3RU\NLR\AUTH\77104
801 0 _aRU
_bNLR
_gpsbo
801 1 _aRU
_bELAR
_2rusmarc
852 _aNLR
_jЭ АлИс134/1-Г.710
942 _cBOOK
980 _aNB